| 000 | 00635nam a22002057a 4500 | ||
|---|---|---|---|
| 999 |
_c10564 _d10564 |
||
| 003 | AR-CdUCM | ||
| 008 | 190401b ||||| |||| 00| 0 spa d | ||
| 040 |
_aMUNICIPALIDAD PROVINCIAL DEL CUSCO _cBIBLIOTECA MUNICIPAL DEL CUSCO |
||
| 082 |
_26ed. _aES / 800 / _bP68 |
||
| 100 |
_aPlutarco _927507 |
||
| 245 | _aVidas de Grandes Hombres / | ||
| 260 |
_aBarcelona _bMateu ; _c1961. |
||
| 300 |
_a255 páginas ; _c19cm |
||
| 440 |
_aColección Clásicos Cadete _n5 _927508 |
||
| 505 | _aContenido: Biografías | ||
| 650 |
_aLiteratura juvenil _91580 |
||
| 700 |
_aBallester Escalas, R. _92840 |
||
| 942 |
_2ddc _cLIBROS |
||
| 945 | _anom | ||